000 00761nam a2200265 i 4500
001 817060
003 OSt
005 20210419052155.0
008 760831s1976 nyu 000 1 eng
010 _a 76014605
020 _a0684146010 :
_c$7.95
040 _aDLC
_cDLC
_dDLC
050 0 0 _aPZ4.S563153
_bFi
_aPS3569.H774
080 _a821.111
_bS-56
082 0 0 _a813/.5/4
100 1 _aShulman, Neil.
245 1 0 _aFinally ... I'm a doctor /
_cNeil Shulman.
260 _aNew York :
_bScribner,
_cc1976.
300 _a258 p. ;
_c22 cm.
650 _2English Literature
_vNovel
653 _aინგლისური ლიტერატურა
653 _aპროზა
906 _a7
_bcbc
_corignew
_d2
_eocip
_f19
_gy-gencatlg
942 _2udc
_cBK
999 _c222
_d222